<?xml version="1.0" encoding="UTF-8"?>
<record
    xmlns:xsi="http://www.w3.org/2001/XMLSchema-instance"
    xsi:schemaLocation="http://www.loc.gov/MARC21/slim http://www.loc.gov/standards/marcxml/schema/MARC21slim.xsd"
    xmlns="http://www.loc.gov/MARC21/slim">

  <leader>01748nam a22002537a 4500</leader>
  <controlfield tag="003">OSt</controlfield>
  <controlfield tag="005">20160512083123.0</controlfield>
  <controlfield tag="008">160511s2016    ua a|||f b|||i00| 0 ara d</controlfield>
  <datafield tag="020" ind1=" " ind2=" ">
    <subfield code="a">9789774731389</subfield>
  </datafield>
  <datafield tag="040" ind1=" " ind2=" ">
    <subfield code="a">Ma-Un</subfield>
    <subfield code="b">ara</subfield>
    <subfield code="c">Dar Arab</subfield>
  </datafield>
  <datafield tag="082" ind1="0" ind2="4">
    <subfield code="a">658.4012</subfield>
    <subfield code="b">&#x634; &#x645; &#x643;</subfield>
    <subfield code="2">21</subfield>
  </datafield>
  <datafield tag="100" ind1="1" ind2=" ">
    <subfield code="a">&#x627;&#x644;&#x634;&#x627;&#x647;&#x631;&#x64A;&#x60C; &#x645;&#x638;&#x641;&#x631; &#x623;&#x62D;&#x645;&#x62F; &#x62D;&#x633;&#x64A;&#x646;</subfield>
    <subfield code="9">54839</subfield>
  </datafield>
  <datafield tag="245" ind1="1" ind2="0">
    <subfield code="a">&#x643;&#x641;&#x627;&#x621;&#x629; &#x627;&#x644;&#x642;&#x631;&#x627;&#x631; &#x627;&#x644;&#x627;&#x633;&#x62A;&#x631;&#x627;&#x62A;&#x64A;&#x62C;&#x64A; &#x641;&#x64A; &#x625;&#x637;&#x627;&#x631; &#x627;&#x633;&#x62A;&#x631;&#x627;&#x62A;&#x64A;&#x62C;&#x64A;&#x627;&#x62A; &#x627;&#x644;&#x62A;&#x62F;&#x641;&#x642; &#x627;&#x644;&#x645;&#x639;&#x631;&#x641;&#x64A; &#x648;&#x622;&#x644;&#x64A;&#x627;&#x62A; &#x627;&#x644;&#x62A;&#x646;&#x633;&#x64A;&#x642; &#x627;&#x644;&#x645;&#x646;&#x638;&#x645;&#x64A; :</subfield>
    <subfield code="b">&#x62F;&#x631;&#x627;&#x633;&#x629; &#x62A;&#x62D;&#x644;&#x64A;&#x644;&#x629; &#x644;&#x622;&#x631;&#x627;&#x621; &#x639;&#x64A;&#x646;&#x629; &#x645;&#x646; &#x627;&#x644;&#x639;&#x627;&#x645;&#x644;&#x64A;&#x646; &#x641;&#x64A; &#x634;&#x631;&#x643;&#x629; &#x646;&#x641;&#x637; &#x627;&#x644;&#x634;&#x645;&#x627;&#x644; = The strategic decision efficiency in the context of knowledge flowstrategies and Organisational coordination mechanisms : An  analytical study of opinions of sample of workers in the North Oil Company /</subfield>
    <subfield code="c">&#x632;&#x647;&#x631;&#x627;&#x621; &#x623;&#x62D;&#x645;&#x62F; &#x645;&#x62D;&#x645;&#x62F; &#x62A;&#x648;&#x641;&#x64A;&#x642; &#x645;&#x635;&#x637;&#x641;&#x64A; &#x627;&#x644;&#x646;&#x639;&#x64A;&#x645;&#x64A;.</subfield>
  </datafield>
  <datafield tag="246" ind1="3" ind2="1">
    <subfield code="a">The strategic decision efficiency in the context of knowledge flowstrategies and Organisational coordination mechanisms : An  analytical study of opinions of sample of workers in the North Oil Company</subfield>
  </datafield>
  <datafield tag="246" ind1="3" ind2="4">
    <subfield code="a">&#x643;&#x641;&#x627;&#x621;&#x629; &#x627;&#x644;&#x642;&#x631;&#x627;&#x631; &#x627;&#x644;&#x627;&#x633;&#x62A;&#x631;&#x627;&#x62A;&#x64A;&#x62C;&#x64A; &#x641;&#x64A; &#x625;&#x637;&#x627;&#x631; &#x627;&#x633;&#x62A;&#x631;&#x627;&#x62A;&#x64A;&#x62C;&#x64A;&#x627;&#x62A; &#x627;&#x644;&#x62A;&#x62F;&#x641;&#x642; &#x627;&#x644;&#x645;&#x639;&#x631;&#x641;&#x64A; &#x648;&#x622;&#x644;&#x64A;&#x627;&#x62A; &#x627;&#x644;&#x62A;&#x646;&#x633;&#x64A;&#x642; &#x627;&#x644;&#x645;&#x646;&#x638;&#x645;&#x64A;</subfield>
  </datafield>
  <datafield tag="260" ind1=" " ind2=" ">
    <subfield code="a">&#x627;&#x644;&#x642;&#x627;&#x647;&#x631;&#x629; :</subfield>
    <subfield code="b">&#x627;&#x644;&#x645;&#x646;&#x638;&#x645;&#x629; &#x627;&#x644;&#x639;&#x631;&#x628;&#x64A;&#x629; &#x644;&#x644;&#x62A;&#x646;&#x645;&#x64A;&#x629; &#x627;&#x644;&#x625;&#x62F;&#x627;&#x631;&#x64A;&#x629;&#x60C; &#x62C;&#x627;&#x645;&#x639;&#x629; &#x627;&#x644;&#x62F;&#x648;&#x644; &#x627;&#x644;&#x639;&#x631;&#x628;&#x64A;&#x629;&#x60C;</subfield>
    <subfield code="c">2016.</subfield>
  </datafield>
  <datafield tag="300" ind1=" " ind2=" ">
    <subfield code="a">254 &#x635;. :</subfield>
    <subfield code="b">&#x625;&#x64A;&#x636;. &#x61B;</subfield>
    <subfield code="c">27 &#x633;&#x645;.</subfield>
  </datafield>
  <datafield tag="490" ind1="0" ind2=" ">
    <subfield code="a">&#x633;&#x644;&#x633;&#x644;&#x629; &#x623;&#x637;&#x631;&#x648;&#x62D;&#x627;&#x62A; &#x627;&#x644;&#x62F;&#x643;&#x62A;&#x648;&#x631;&#x627;&#x629;</subfield>
  </datafield>
  <datafield tag="500" ind1=" " ind2=" ">
    <subfield code="a">&#x645;&#x644;&#x627;&#x62D;&#x642; : &#x635;. 237-245.</subfield>
  </datafield>
  <datafield tag="504" ind1=" " ind2=" ">
    <subfield code="a">&#x628;&#x628;&#x64A;&#x644;&#x648;&#x62C;&#x631;&#x627;&#x641;&#x64A;&#x629; : &#x635;. 221-234.</subfield>
  </datafield>
  <datafield tag="650" ind1=" " ind2="4">
    <subfield code="a">&#x627;&#x644;&#x625;&#x62F;&#x627;&#x631;&#x629; &#x627;&#x644;&#x627;&#x633;&#x62A;&#x631;&#x627;&#x62A;&#x64A;&#x62C;&#x64A;&#x629;</subfield>
    <subfield code="9">55564</subfield>
  </datafield>
  <datafield tag="650" ind1=" " ind2="4">
    <subfield code="a">&#x627;&#x644;&#x62A;&#x62E;&#x637;&#x64A;&#x637; &#x627;&#x644;&#x625;&#x62F;&#x627;&#x631;&#x64A;</subfield>
    <subfield code="9">55565</subfield>
  </datafield>
  <datafield tag="942" ind1=" " ind2=" ">
    <subfield code="c">BOOK</subfield>
  </datafield>
  <datafield tag="999" ind1=" " ind2=" ">
    <subfield code="c">39420</subfield>
    <subfield code="d">273920</subfield>
  </datafield>
  <datafield tag="952" ind1=" " ind2=" ">
    <subfield code="1">0</subfield>
    <subfield code="2">2016-05-11</subfield>
    <subfield code="4">0</subfield>
    <subfield code="7">1</subfield>
    <subfield code="a">658.4012 &#x634; &#x645; &#x643;</subfield>
    <subfield code="c">1</subfield>
    <subfield code="d">2016-05-11</subfield>
    <subfield code="h">CL</subfield>
    <subfield code="i">00225714</subfield>
    <subfield code="m">CL</subfield>
    <subfield code="r">2016-05-11 00:00:00</subfield>
    <subfield code="t">BOOK</subfield>
    <subfield code="w">ddc</subfield>
    <subfield code="y">0</subfield>
  </datafield>
  <datafield tag="952" ind1=" " ind2=" ">
    <subfield code="1">0</subfield>
    <subfield code="2">2016-05-11</subfield>
    <subfield code="4">0</subfield>
    <subfield code="7">0</subfield>
    <subfield code="a">658.4012 &#x634; &#x645; &#x643;</subfield>
    <subfield code="c">2</subfield>
    <subfield code="d">2016-05-11</subfield>
    <subfield code="h">CL</subfield>
    <subfield code="i">00225715</subfield>
    <subfield code="m">CL</subfield>
    <subfield code="r">2016-05-11 00:00:00</subfield>
    <subfield code="t">BOOK</subfield>
    <subfield code="w">ddc</subfield>
    <subfield code="y">0</subfield>
  </datafield>
  <datafield tag="952" ind1=" " ind2=" ">
    <subfield code="1">0</subfield>
    <subfield code="2">2016-05-11</subfield>
    <subfield code="4">0</subfield>
    <subfield code="7">0</subfield>
    <subfield code="a">658.4012 &#x634; &#x645; &#x643;</subfield>
    <subfield code="c">3</subfield>
    <subfield code="d">2016-05-11</subfield>
    <subfield code="h">CL</subfield>
    <subfield code="i">00225716</subfield>
    <subfield code="m">CL</subfield>
    <subfield code="r">2016-05-11 00:00:00</subfield>
    <subfield code="t">BOOK</subfield>
    <subfield code="w">ddc</subfield>
    <subfield code="y">0</subfield>
  </datafield>
  <datafield tag="952" ind1=" " ind2=" ">
    <subfield code="1">0</subfield>
    <subfield code="2">2016-05-11</subfield>
    <subfield code="4">0</subfield>
    <subfield code="7">1</subfield>
    <subfield code="a">658.4012 &#x634; &#x645; &#x643;</subfield>
    <subfield code="c">1</subfield>
    <subfield code="d">2016-05-11</subfield>
    <subfield code="h">IC</subfield>
    <subfield code="i">00225717</subfield>
    <subfield code="m">IC</subfield>
    <subfield code="r">2016-05-11 00:00:00</subfield>
    <subfield code="t">BOOK</subfield>
    <subfield code="w">ddc</subfield>
    <subfield code="y">0</subfield>
  </datafield>
  <datafield tag="952" ind1=" " ind2=" ">
    <subfield code="1">0</subfield>
    <subfield code="2">2016-05-11</subfield>
    <subfield code="4">0</subfield>
    <subfield code="7">0</subfield>
    <subfield code="a">658.4012 &#x634; &#x645; &#x643;</subfield>
    <subfield code="c">2</subfield>
    <subfield code="d">2016-05-11</subfield>
    <subfield code="h">IC</subfield>
    <subfield code="i">00225718</subfield>
    <subfield code="m">IC</subfield>
    <subfield code="r">2016-05-11 00:00:00</subfield>
    <subfield code="t">BOOK</subfield>
    <subfield code="w">ddc</subfield>
    <subfield code="y">0</subfield>
  </datafield>
  <datafield tag="952" ind1=" " ind2=" ">
    <subfield code="1">0</subfield>
    <subfield code="2">2016-05-11</subfield>
    <subfield code="4">0</subfield>
    <subfield code="7">1</subfield>
    <subfield code="a">658.4012 &#x634; &#x645; &#x643;</subfield>
    <subfield code="c">1</subfield>
    <subfield code="d">2016-05-11</subfield>
    <subfield code="h">IC</subfield>
    <subfield code="i">00225719</subfield>
    <subfield code="m">IC</subfield>
    <subfield code="r">2016-05-11 00:00:00</subfield>
    <subfield code="t">BOOK</subfield>
    <subfield code="w">ddc</subfield>
    <subfield code="y">0</subfield>
  </datafield>
  <datafield tag="952" ind1=" " ind2=" ">
    <subfield code="1">0</subfield>
    <subfield code="2">2016-05-11</subfield>
    <subfield code="4">0</subfield>
    <subfield code="7">0</subfield>
    <subfield code="a">658.4012 &#x634; &#x645; &#x643;</subfield>
    <subfield code="c">2</subfield>
    <subfield code="d">2016-05-11</subfield>
    <subfield code="h">IC</subfield>
    <subfield code="i">00225720</subfield>
    <subfield code="m">IC</subfield>
    <subfield code="r">2016-05-11 00:00:00</subfield>
    <subfield code="t">BOOK</subfield>
    <subfield code="w">ddc</subfield>
    <subfield code="y">0</subfield>
  </datafield>
  <datafield tag="952" ind1=" " ind2=" ">
    <subfield code="1">0</subfield>
    <subfield code="2">2016-05-11</subfield>
    <subfield code="4">0</subfield>
    <subfield code="7">1</subfield>
    <subfield code="a">658.4012 &#x634; &#x645; &#x643;</subfield>
    <subfield code="c">1</subfield>
    <subfield code="d">2016-05-11</subfield>
    <subfield code="h">SRF</subfield>
    <subfield code="i">00225721</subfield>
    <subfield code="m">SRF</subfield>
    <subfield code="r">2016-05-11 00:00:00</subfield>
    <subfield code="t">BOOK</subfield>
    <subfield code="w">ddc</subfield>
    <subfield code="y">0</subfield>
  </datafield>
  <datafield tag="952" ind1=" " ind2=" ">
    <subfield code="1">0</subfield>
    <subfield code="2">2016-05-11</subfield>
    <subfield code="4">0</subfield>
    <subfield code="7">0</subfield>
    <subfield code="a">658.4012 &#x634; &#x645; &#x643;</subfield>
    <subfield code="c">2</subfield>
    <subfield code="d">2016-05-11</subfield>
    <subfield code="h">SRF</subfield>
    <subfield code="i">00225722</subfield>
    <subfield code="m">SRF</subfield>
    <subfield code="r">2016-05-11 00:00:00</subfield>
    <subfield code="t">BOOK</subfield>
    <subfield code="w">ddc</subfield>
    <subfield code="y">0</subfield>
  </datafield>
  <datafield tag="952" ind1=" " ind2=" ">
    <subfield code="1">0</subfield>
    <subfield code="2">2016-05-11</subfield>
    <subfield code="4">0</subfield>
    <subfield code="7">1</subfield>
    <subfield code="a">658.4012 &#x634; &#x645; &#x643;</subfield>
    <subfield code="c">1</subfield>
    <subfield code="d">2016-05-11</subfield>
    <subfield code="h">SRM</subfield>
    <subfield code="i">00225723</subfield>
    <subfield code="m">SRM</subfield>
    <subfield code="r">2016-05-11 00:00:00</subfield>
    <subfield code="t">BOOK</subfield>
    <subfield code="w">ddc</subfield>
    <subfield code="y">0</subfield>
  </datafield>
  <datafield tag="952" ind1=" " ind2=" ">
    <subfield code="1">0</subfield>
    <subfield code="2">2016-05-11</subfield>
    <subfield code="4">0</subfield>
    <subfield code="7">0</subfield>
    <subfield code="a">658.4012 &#x634; &#x645; &#x643;</subfield>
    <subfield code="c">2</subfield>
    <subfield code="d">2016-05-11</subfield>
    <subfield code="h">SRM</subfield>
    <subfield code="i">00225724</subfield>
    <subfield code="m">SRM</subfield>
    <subfield code="r">2016-05-11 00:00:00</subfield>
    <subfield code="t">BOOK</subfield>
    <subfield code="w">ddc</subfield>
    <subfield code="y">0</subfield>
  </datafield>
  <datafield tag="952" ind1=" " ind2=" ">
    <subfield code="1">0</subfield>
    <subfield code="2">2016-05-11</subfield>
    <subfield code="4">0</subfield>
    <subfield code="7">1</subfield>
    <subfield code="a">658.4012 &#x634; &#x645; &#x643;</subfield>
    <subfield code="c">1</subfield>
    <subfield code="d">2016-05-11</subfield>
    <subfield code="h">SGF</subfield>
    <subfield code="i">00225725</subfield>
    <subfield code="m">SGF</subfield>
    <subfield code="r">2016-05-11 00:00:00</subfield>
    <subfield code="t">BOOK</subfield>
    <subfield code="w">ddc</subfield>
    <subfield code="y">0</subfield>
  </datafield>
  <datafield tag="952" ind1=" " ind2=" ">
    <subfield code="1">0</subfield>
    <subfield code="2">2016-05-11</subfield>
    <subfield code="4">0</subfield>
    <subfield code="7">0</subfield>
    <subfield code="a">658.4012 &#x634; &#x645; &#x643;</subfield>
    <subfield code="c">2</subfield>
    <subfield code="d">2016-05-11</subfield>
    <subfield code="h">SGF</subfield>
    <subfield code="i">00225726</subfield>
    <subfield code="m">SGF</subfield>
    <subfield code="r">2016-05-11 00:00:00</subfield>
    <subfield code="t">BOOK</subfield>
    <subfield code="w">ddc</subfield>
    <subfield code="y">0</subfield>
  </datafield>
  <datafield tag="952" ind1=" " ind2=" ">
    <subfield code="1">0</subfield>
    <subfield code="2">2016-05-11</subfield>
    <subfield code="4">0</subfield>
    <subfield code="7">1</subfield>
    <subfield code="a">658.4012 &#x634; &#x645; &#x643;</subfield>
    <subfield code="c">1</subfield>
    <subfield code="d">2016-05-11</subfield>
    <subfield code="h">IC</subfield>
    <subfield code="i">00225727</subfield>
    <subfield code="m">IC</subfield>
    <subfield code="r">2016-05-11 00:00:00</subfield>
    <subfield code="t">BOOK</subfield>
    <subfield code="w">ddc</subfield>
    <subfield code="y">0</subfield>
  </datafield>
  <datafield tag="952" ind1=" " ind2=" ">
    <subfield code="1">0</subfield>
    <subfield code="2">2016-05-11</subfield>
    <subfield code="4">0</subfield>
    <subfield code="7">0</subfield>
    <subfield code="a">658.4012 &#x634; &#x645; &#x643;</subfield>
    <subfield code="c">2</subfield>
    <subfield code="d">2016-05-11</subfield>
    <subfield code="h">IC</subfield>
    <subfield code="i">00225728</subfield>
    <subfield code="m">IC</subfield>
    <subfield code="r">2016-05-11 00:00:00</subfield>
    <subfield code="t">BOOK</subfield>
    <subfield code="w">ddc</subfield>
    <subfield code="y">0</subfield>
  </datafield>
  <datafield tag="952" ind1=" " ind2=" ">
    <subfield code="1">0</subfield>
    <subfield code="2">2016-05-11</subfield>
    <subfield code="4">0</subfield>
    <subfield code="7">1</subfield>
    <subfield code="a">658.4012 &#x634; &#x645; &#x643;</subfield>
    <subfield code="c">1</subfield>
    <subfield code="d">2016-05-11</subfield>
    <subfield code="h">SZM</subfield>
    <subfield code="i">00225729</subfield>
    <subfield code="m">SZM</subfield>
    <subfield code="r">2016-05-11 00:00:00</subfield>
    <subfield code="t">BOOK</subfield>
    <subfield code="w">ddc</subfield>
    <subfield code="y">0</subfield>
  </datafield>
  <datafield tag="952" ind1=" " ind2=" ">
    <subfield code="1">0</subfield>
    <subfield code="2">2016-05-11</subfield>
    <subfield code="4">0</subfield>
    <subfield code="7">0</subfield>
    <subfield code="a">658.4012 &#x634; &#x645; &#x643;</subfield>
    <subfield code="c">2</subfield>
    <subfield code="d">2016-05-11</subfield>
    <subfield code="h">SZM</subfield>
    <subfield code="i">00225730</subfield>
    <subfield code="m">SZM</subfield>
    <subfield code="r">2016-05-11 00:00:00</subfield>
    <subfield code="t">BOOK</subfield>
    <subfield code="w">ddc</subfield>
    <subfield code="y">0</subfield>
  </datafield>
</record>
